| 000 | 01114ngm a22003610a 4500 | ||
|---|---|---|---|
| 001 | PT13975 | ||
| 003 | AR-LpoUNG | ||
| 005 | 20210202000505.0 | ||
| 007 | vd cvaizq | ||
| 008 | 191001s1998||||ag |||||||||||||||||spa d | ||
| 037 | _c$33.33 | ||
| 040 |
_aAR-LpoUNG _bspa _cAR-LpoUNG _eaacr |
||
| 041 | _aspa | ||
| 044 | _aag | ||
| 082 | 0 | _a909.8 591v1 | |
| 245 | 1 | 0 |
_a1900-1905 : _bdel sueño a la pesadilla : de la Viena de Freud al Domingo Rojo |
| 260 |
_aBuenos Aires : _bArte Gráfico Editorial Argentino, _c1998. |
||
| 300 | _aVHS (35 min.) : son., col. | ||
| 505 | 0 | _aEl ítem 27363 fue dado de baja por extravío. | |
| 520 | _aSumario: se inaugura la exposición Universal de París; Potencias navales en Europa; Muere Nietzche; Revolución de 1905; Crisis del Zarismo; El ferrocarril. | ||
| 650 | 4 | _aARGENTINA | |
| 650 | 4 | _aARTE | |
| 650 | 4 | _aASPECTOS POLITICOS | |
| 650 | 4 | _aCULTURA | |
| 650 | 4 | _aFRANCIA | |
| 650 | 4 | _aGRAN BRETAÑA | |
| 650 | 4 | _aPROBLEMAS SOCIALES | |
| 650 | 4 | _aRUSIA | |
| 653 | _aVIDEOS | ||
| 710 | 2 | _aClarín (Buenos Aires) | |
| 905 | _a13975 | ||
| 942 | _cVIDEO | ||
| 999 |
_c54954 _d54954 |
||